| 000 | 01186nam a22002537a 4500 | ||
|---|---|---|---|
| 999 |
_c20674 _d20674 |
||
| 005 | 20191230082717.0 | ||
| 008 | 191230b xxu||||| |||| 00| 0 spa d | ||
| 020 | _a9789992352250 | ||
| 040 |
_aCO-BoIAVH _cCO-BoIAVH |
||
| 041 | _aspa | ||
| 082 |
_a333.95 _bC73l |
||
| 110 | _aComisión Centroamericana de Ambiente y Desarrollo. | ||
| 245 |
_aListados Actualizados de las Especies de Fauna y Flora _bIncluidas en los apéndices de la CITES, distribuidas en Centroamérica y República Dominicana _cComisión Centroamericana de Ambiente y Desarrollo. |
||
| 250 | _aPrimera edición | ||
| 260 |
_aSan Salvador, _bComisión Centroamericana de Ambiente y Desarrollo.(CCAD), _c2010. |
||
| 300 |
_a118 páginas _bTablas de estadística _c27.9 x 21.7 cm |
||
| 504 | _aBibliografía (páginas 11 - 118) | ||
| 650 | 0 |
_aInventarios de fauna y flora _zCentroamérica |
|
| 650 | 0 |
_aEspecies silvestres _zCentroamérica |
|
| 650 | 0 |
_aFlora y Fauna Silvestres _vListados _zCentroamérica |
|
| 650 | 0 |
_aEspecies en peligro de extinción _vListas _zCentroamérica |
|
| 650 | 0 |
_aEspecies protegidas _vComercialización _zCentroamérica |
|
| 942 |
_2ddc _cLIBRO |
||